There's always a financial solution : (Record no. 163839)

MARC details
000 -LEADER
fixed length control field 00557nam a22001817a 4500
005 - DATE AND TIME OF LATEST TRANSACTION
control field 20190502100834.0
010 ## - LCCN (DPL NO)
LC control number ENG-125128
020 ## - INTERNATIONAL STANDARD BOOK NUMBER
International Standard Book Number 9789384061609
Terms of availability 299.00
035 ## - SYSTEM CONTROL NUMBER
System control number EN-108660
037 ## - SOURCE OF ACQUISITION
Source of stock number/acquisition DBAD/PUB
082 ## - DEWEY DECIMAL CLASSIFICATION NUMBER
Classification number 336.42
100 ## - MAIN ENTRY--PERSONAL NAME
Personal name Fernandes, Steve
245 ## - TITLE STATEMENT
Title There's always a financial solution :
Remainder of title and it always starts with a good financial plan /
Statement of responsibility, etc by Steven Fernandes
260 ## - PUBLICATION, DISTRIBUTION, ETC. (IMPRINT)
Place of publication, distribution, etc Mumbai
Name of publisher, distributor, etc TV 18 Broadcast
Date of publication, distribution, etc 2016
270 ## - ADDRESS
Address TV 18 Broadcast Ltd.
300 ## - PHYSICAL DESCRIPTION
Extent 135p.
Dimensions 21cm(Hb)
942 ## - ADDED ENTRY ELEMENTS (KOHA)
Source of classification or shelving scheme Dewey Decimal Classification
Item type English Books
Classification part 336.42
Call number suffix FER
Holdings
Withdrawn status Lost status Not for loan Collection code Home library Current library Date acquired Source of acquisition Cost, normal purchase price Full call number Barcode Copy number Cost, replacement price Koha item type
      Non-fiction Bawana Bawana 02/05/2019 DBAD/PUB 299.00 336.42 FER EN-108660 1 299.00 English Books

© Delhi Public Library
Hit Counter
free hit counter